000 00964nam a22003137a 4500
003 CHAP
005 20220329140541.0
008 971013s1969 r 00010 d
010 _a53755
011 _a54727
035 _a58878
040 _cCHAP
090 _aFolleto 9180
100 0 0 _aRuiz Mijares, Andrés.
_9100739
245 _aElectrosoldadura
260 _aMéxico, D. F. :
_bRepresentaciones y Servicios de Ingeniería,
_c1969
300 _a76 p.
_b: ilus.
490 _aProcesos de manufactura
590 _aBATCH-UPD
_b10
_c20130110
_lUCH01
_h0619
590 _aBATCH-UPD
_b10
_c20130110
_lUCH01
_h2308
590 _aBATCH-UPD
_b10
_c20130410
_lUCH01
_h0301
590 _aBATCH-UPD
_b10
_c20130914
_lUCH01
_h1937
590 _aCONVERSION
_b10
_c20130109
_lUCH01
_h1329
650 1 4 _aSoldadura.
_9108387
830 0 _aProcesos de manufactura
_991825
901 _aBK
942 _cFOLL
949 _aFolleto 9180
_bBC
_cFOLL
_d-127572
_eTS1
_i58878
_si
_t36.00
999 _c53755
_d53755